Manuel d'histoire globale : Comprendre le « global turn » des sciences humaines (notice n° 1568409)

détails MARC
000 -LEADER
fixed length control field 01425cam a2200133 4500500
005 - DATE AND TIME OF LATEST TRANSACTION
control field 20251214004315.0
041 ## - LANGUAGE CODE
Language code of text/sound track or separate title fre
042 ## - AUTHENTICATION CODE
Authentication code dc
100 10 - MAIN ENTRY--PERSONAL NAME
Personal name Maurel, Chloé
Relator term author
245 00 - TITLE STATEMENT
Title Manuel d'histoire globale : Comprendre le « global turn » des sciences humaines
260 ## - PUBLICATION, DISTRIBUTION, ETC.
Name of publisher, distributor, etc. Armand Colin,<br/>
Date of publication, distribution, etc. 2014.<br/>
520 ## - SUMMARY, ETC.
Summary, etc. À l’heure de la mondialisation, la manière de faire de l’histoire évolue. Pour tenir compte des interconnexions croissantes entre les différentes parties du monde, l’histoire globale a émergé. Ce nouveau courant permet un décentrage du regard, une attention accrue portée aux aires extraoccidentales, et une approche englobante qui permet des comparaisons entre des régions et des époques distantes. Comment est apparue l’histoire globale ? Quelles sont ses caractéristiques, ses méthodes et ses apports ? Ce livre répond à ces questions en présentant un historique clair de l’histoire globale (montrant comment elle plonge ses racines dans l’histoire universelle et l’histoire comparée) et une présentation méthodique de ses différentes composantes (histoire transnationale, connectée, croisée...), en donnant des exemples précis et concrets et en présentant de manière synthétique les travaux de nombreux chercheurs de différents pays.
856 41 - ELECTRONIC LOCATION AND ACCESS
Uniform Resource Identifier <a href="https://shs.cairn.info/manuel-d-histoire-globale--9782200278995?lang=fr&redirect-ssocas=7080">https://shs.cairn.info/manuel-d-histoire-globale--9782200278995?lang=fr&redirect-ssocas=7080</a>

Pas d'exemplaire disponible.

PLUDOC

PLUDOC est la plateforme unique et centralisée de gestion des bibliothèques physiques et numériques de Guinée administré par le CEDUST. Elle est la plus grande base de données de ressources documentaires pour les Étudiants, Enseignants chercheurs et Chercheurs de Guinée.

Adresse

627 919 101/664 919 101

25 boulevard du commerce
Kaloum, Conakry, Guinée

Réseaux sociaux

Powered by Netsen Group @ 2025